00495nam a2200181Ii 45000010005000000030009000050080041000140400033000550410008000880820015000961000015001112450032001262640062001583000012002203360026002323370028002583380027002867444CO-ViMGA241108s9999||||xx |||||||||||||| ||und|| aCO-ViMGAbspaerdacCO-ViMGA0 aunk04a986.1-M5281 aJorge Melo10aSobre historia y política 1a[Lugar de publicación no identificado] : Lealón, 1979 avolumen atextbtxt2rdacontent aunmediatedbn2rdamedia avolumebnc2rdacarrier